MDQL
is popping MORE tags! Check the
thread
!
Quizzes
Events
Quiz Creation
Community
Videos
Private Events
Remove Ads
Sign In
Join for FREE
Feedback
Dark Mode
Quiz Categories
Sports
Geography
Music
Movies
Television
Just For Fun
Miscellaneous
History
Literature
Language
Science
Gaming
Entertainment
Religion
Holiday
For Kids
Quiz Lab
Recent
Popular Today
Quiz Kudos Today
Editor Picks
Curator Picks
Quizzes by...
Day
Popularity
Type
Ratings
Length
Year
Community
Subscriptions
Recent Discussions
Orange Saloon
Badges
Playlists
Quests
Create
Leaderboards
Showdown
Live 5
Trivia Bingo
Activity
Puzzle Library
Sporcle Events
Private Events
Virtual Trivia
Globe League
Become a Host
Pub Owners
SporcleCon
Opinionation
Our Games
Videos
Blog
Mobile Apps
Partnerships
Remove Ads and Go Orange
Feedback
History
US Presidents
World Leaders
Politics
Nation
Discovery
War
Decade
Year
Century
Biography
Art
History
US Presidents
World Leaders
Politics
Nation
Discovery
War
Decade
Year
Century
Biography
Art
Random Quiz
Search Sporcle
×
Quiz Lab
Quiz Lab
History
station
Type in answers that appear in a list
Type in answers that appear in a list
Classic
Best Score? Go Orange.
Closed WCML stations Stats
Can you name the closed stations on the West Coast Mainline?
By
oi96
10m
72 Questions
103 Plays
103 Plays
103 Plays
Comments
Comments
Give Quiz Kudos
Give Quiz Kudos
-
- Ratings
hide this ad
Replay
Link that replays current quiz
Next Quiz
Link to next quiz in quiz playlist
You Got
0%
They Got
Avg Score
58%
Avg Friend Score
Upgrade to see
Score Distribution
Jump to the score distribution portion of the page
Score
0/72
Timer
10:00
0
Plays Today
Year closed
Station
% Correct
1968
Tebay
84.5%
1968
Shap
83.5%
1970
Carnforth (Mainline platforms)
81.6%
1972
Beattock
79.6%
1926
Beattock Summit
79.6%
2004
Norton Bridge
78.6%
1964
Roade
76.7%
1958
Weedon
75.7%
1969
Garstang & Catterall
75.7%
1968
Milnthorpe
75.7%
1969
Hest Bank
74.8%
1951
Gretna
74.8%
1938
Clifton & Lowther
72.8%
1960
Bay Horse
71.8%
1939
Galgate
71.8%
1969
Bolton-le-Sands
71.8%
1952
Low Gill
70.9%
1943
Wreay
69.9%
1939
Brock
68.9%
1952
Southwaite
68.9%
1960
Blisworth
68%
1950
Rockcliffe
68%
1964
Castlethorpe
66%
1943
Moore
66%
1950
Burton & Holme
66%
1954
Grayrigg
65%
1950
Floriston
65%
1960
Kirkpatrick
65%
1939
Scorton
63.1%
1960
Kirtlebridge
63.1%
1979
Rutherglen (Main line platforms)
63.1%
1952
Whitmore
61.2%
1948
Preston Brook
61.2%
1969
Coppull
61.2%
1965
Elvanfoot
61.2%
1960
Farington
60.2%
Year closed
Station
% Correct
1939
Barton & Broughton
60.2%
1952
Calthwaite
58.3%
1905
Bridge Street
57.4%
1965
Law Junction
57.3%
1965
Crawford
55.3%
1965
Symington
54.4%
1965
Eglinton Street
53.5%
1948
Plumpton
53.4%
1926
Auchencastle
53.4%
1957
Brinklow
52.4%
1965
Cleghorn
52.4%
1965
Abington
50.5%
1958
Colwich
49.5%
1949
Great Bridgeford
49.5%
1958
Wishaw South
48.5%
1960
Ecclefechan
47.6%
1965
Thankerton
46.6%
1953
Fallside
46.6%
1960
Dinwoodie
45.6%
1958
Welton
44.7%
1965
Flemington
43.7%
1952
Madeley
42.7%
1949
Standish
42.7%
1952
Standon Bridge
41.7%
1957
Shilton
40.8%
1960
Armitage
40.8%
1961
Golborne South
40.8%
1931
Bulkington
39.8%
1942
Minshull Vernon
39.8%
1950
Bamfurlong
39.8%
1950
Milford & Brocton
38.8%
1945
Betley Road
38.8%
1949
Boar's Head
38.8%
1960
Wamphray
35%
1960
Nethercleugh
33%
1962
Braidwood
33%
Quiz Playlist
Details
Report
Send in Message
Add To Playlist
Classic:
Type in answers that appear in a list
Last Updated: Feb 16, 2017
Quiz Scoreboard
CHALLENGE
Sign Up to Join the Scoreboard
Show All
Scores
Hide
Comments
May contain spoilers
Recently Published
Find the 'City' Movie
by crazypaving
Movies
60s
5x2 Blitz: Bands
by SL_Kpop136
Music
30s
Colored Red Africa Blitz
by spor1
Geography
30s
More to Explore
Quiz From the Vault
Featured Blog Post
14 Easter Pick-up Lines to Find Eggs With
hide this ad
You Might Also Like...
Tags
Closed
coast
mainline
section
station
West
West Coast
Today's Top Quizzes in History
Browse History
hide this ad
Today's Top Quizzes in station
Browse station
Top Contributed Quizzes in History
1
Popular People in 1991
2
US National Parks Named After People
3
Popular People in 1951
4
Order Up: 1000 Years of World Events I
5
Popular People in 1941
6
Popular People in 1981
7
Popular People in 1986
8
Popular People in 1921
9
Popular People in 1976
10
Magic 10 Blitz: U.S. Presidents
Explore More
Trending Topics
Disney
NBA
Marvel
Harry Potter
Anime
Kpop
Crossword
The Office
WWE
Pokémon
Soccer
Puzzle
NFL
Country
Song
hide this ad
More By:
oi96
Quiz
Plays
Rating
Category
Featured
Created
Capitals of Central Asia
5,002
2.50
Geography
Dec 19, 2012
Railway stations in Cornwall
1,789
4.55
Geography
Mar 10, 2012
Railway Stations in Essex
1,302
4.40
Geography
Feb 19, 2012
Railway stations in Surrey
752
5.00
Geography
Feb 5, 2013
Stations on the East Coast Main Line (UK)
738
4.75
Geography
Feb 17, 2012
Go to Creator's Profile
Score Distribution
Quiz Creator Spotlight
oi96
Follow
Send a Message
Quizzes Created
-
Created Quiz Play Count
-
More By This Creator
Popular Quizzes Today
1
Colored Red Africa Blitz
2
Find the 'City' Movie
3
Find the US States - No Outlines Minefield
4
5x2 Blitz: Bands
5
The Countries of the World
6
Find the US States
7
US States
8
9x9 Crossword: Cartoon Network
More History Quizzes
Triumph Cars Over Time
Quiz Lab
Trending Quizzes
Colored Red Europe Blitz I
Colored Red Europe Blitz II
Colored Red Africa Blitz II
Colored Red Europe Blitz III
Colored Red Africa Blitz III
Recently Updated
Godzilla Movies
pecheneg
Grab Bag: 4-10 Letters
pecheneg
2024 March Madness Bracket
pecheneg
Famous TV Couples
Peacemaker
Champions League XIs: Real Madrid
pecheneg
Largest US Cities 1790-2010
pecheneg
Rides in Walt Disney World
pecheneg
Most Oscar Losses (Acting)
pecheneg
Beyoncé Albums
pecheneg
Leaping Animals
pecheneg
Trending Topics
Disney
Harry Potter
NBA
Kpop
Crossword
Anime
Marvel
Pokémon
The Office
NFL
Song
WWE
Country
Puzzle
Soccer
Your Account Isn't Verified!
In order to create a playlist on Sporcle, you need to verify the email address you used during registration. Go to your
Sporcle Settings
to finish the process.
Report this User
Report this user for behavior that violates our
Community Guidelines
.
Details:
Send Report
Go to the Sporcle.com Mobile Site →
Comments